Responses for Show #7065 - Friday, May 8, 2015

Andrew Haringer game 2.

Contestants

[<< previous game]

Louis Virtel, a journalist and comic originally from Lemont, Illinois

Mary Green, a college instructor from Milton, Georgia

Andrew Haringer, a college instructor from Squamish, British Columbia, Canada (whose 1-day cash winnings total $8,799)

[next game >>]

Jeopardy! Round responses

LET'S HAVE LEFTOVERS
THE SETTING, SON
HOMOPHONIC PAIRS
FADS & FASHIONS
FIRST LADY FIRST NAMES
NASCAR
    $200 16
croutons

Louis
    $200 1
Chicago

Louis
    $200 8
a fair fare

Andrew
    $200 21
streaking

Mary
    $200 2
Mary Todd Lincoln

Louis
    $200 27
Toyota

Louis
    $400 17
(Louis: What is lasagna?)

casserole

MaryLouis
    $400 4
(Mary: What is New Orleans?)

Charleston

AndrewMary
    $400 9
a maize maze

Andrew
    $400 22
Tebowing

Andrew
    $400 3
Truman

Andrew
    $400 30
pit crews

Andrew
    $600 18
king

Andrew
    $600 5
The Affair

Triple Stumper
    $600 10
a whale wail

Andrew
    $3,200 23
flash mobs

Andrew
    $600 14
"Lemonade" Lucy Hayes

Louis
    $600 29
rookies

Mary
    $800 19
egg salad

Andrew
    $800 6
Conan

Triple Stumper
    $800 11
peddles pedals

Louis
    $800 24
raccoon pelts

Andrew
    $800 13
Roosevelt (or Mrs. Wilson)

Louis
    $800 28
the Daytona 500

Louis
    $1000 20
squeak

Andrew
    $1000 7
Bedlam

Andrew
    $1000 15
a borough burro

Andrew
    $1000 25
flagpoles

Louis
    $1000 12
Mrs. Cleveland

Triple Stumper
    $1000 26
drafting

Andrew

Scores at the first commercial break (after clue 15):

Andrew Mary Louis
$4,000 -$400 $2,600

Scores at the end of the Jeopardy! Round:

Andrew Mary Louis
$12,200 $800 $4,400

Double Jeopardy! Round responses

LET'S HAVE LEFTOVERS
4-WORD EXCHANGE
A. MILLER'S TALES
STEPPE BY STEPPE
WHAT AN INVENTION
"B"ILLBOARD HITS
(Alex: Each correct response beginning with the letter B.)
    $400 16
lifts

Andrew
    $400 27
(Mary: What is "Set my people free"?)

Let my people go

MaryLouis
    $400 11
Death of a Salesman

Louis
    $400 25
India

Louis
    $400 18
a Taser

Louis
    $400 5
"Bang Bang"

Triple Stumper
    $800 28
Baylor

Mary
    $800 12
the pursuit of happiness

Mary
    $800 10
(Alex: You knew that, Louis, but you--it didn't come to you in time.)

All My Sons

Triple Stumper
    $800 26
(Alex: Yes indeed. Andrew, you should have gotten in there on that one.)

the Danube

Louis
    $800 19
(Mary: What is a razor?)
(Alex: No.)
(Mary: Electric shaver?)
(Alex: No.)

a telephone

AndrewMary
    $800 1
"Behind Blue Eyes"

Mary
    $1200 30
(Mary: What is a rat-tailed monkey?)

the squirrel monkey

Mary
Triple Stumper
    $1200 6
survival of the fittest

Louis
    $1200 7
(Alex: Yes, his wife.)

Marilyn Monroe

Louis
    $1200 17
the Rockies

Louis
    $1200 21
tires

Louis
    $1200 2
"Black Widow"

Louis
    $1600 15
PETA

Louis
    $1600 14
Life on the Mississippi

Mary
    $5,000 8
[Louis does another power snap upon getting the correct response.]

The Crucible

Louis
    $1600 20
Uzbekistan

Louis
    $5,000 22
(Louis: What is LAN?)

USB

Louis
    $1600 3
(Alex: I figured you'd get that one.)
[Mary laughs.]

Bat Out of Hell

Mary
    $2000 29
Santa Fe

Mary
    $2000 13
Cavalier King Charles spaniel

Mary
    $2000 9
Idlewild

Louis
    $2000 24
the Mongol Empire

Andrew
    $2000 23
the iron lung

Mary
    $2000 4
(Louis: What is "Bailamos"?)

"Bailando"

Louis
Triple Stumper

Scores at the end of the Double Jeopardy! Round:

Andrew Mary Louis
$15,400 $10,000 $16,000

[wagering suggestions for these scores]

Final Jeopardy! Round responses

HISTORIC SITES
(Alex: [To Louis] Many more people killed at Auschwitz later in the war, of course.)
MaryWhat is the Ba
$9,500
AndrewWhat is the Tower of London?
$15,400
LouisWhat is Auschwicz?
$14,801
the Tower of London

Final scores:

Andrew Mary Louis
$30,800 $500 $1,199
2-day champion: $39,599 3rd place: $1,000 2nd place: $2,000

Game dynamics:

Coryat scores:

Andrew Mary Louis
$12,800 $10,000 $17,600
18 R
(including 1 DD),
0 W
11 R,
4 W
23 R
(including 1 DD),
3 W
(including 1 DD)

Combined Coryat: $40,400

[game clues] [game scores] [suggest correction]

Game tape date: Unknown
The J! Archive is created by fans, for fans. Scraping, republication, monetization, and malicious use prohibited; this site may use cookies and collect identifying information. See terms. The Jeopardy! game show and all elements thereof, including but not limited to copyright and trademark thereto, are the property of Jeopardy Productions, Inc. and are protected under law. This website is not affiliated with, sponsored by, or operated by Jeopardy Productions, Inc. Join the discussion at JBoard.tv.